Normal view
MARC view
- Systems Engineering Standers
Entry Topical Term
001 - CONTROL NUMBER
- control field: 2173
003 - CONTROL NUMBER IDENTIFIER
- control field: NUST
005 - DATE AND TIME OF LATEST TRANSACTION
- control field: 20170607135514.0
008 - FIXED-LENGTH DATA ELEMENTS
- fixed length control field: 170607|| aca||aabn | a|a d
040 ## - CATALOGING SOURCE
- Original cataloging agency: NUST
- Transcribing agency: NUST
150 ## - HEADING--TOPICAL TERM
- Topical term or geographic name entry element: Systems Engineering Standers
670 ## - SOURCE DATA FOUND
- Source citation: Work cat.: (NUST)23544: Department of Defense 2150, DEFENSE Manufacturing Management Guide for Program Manager, April,1989
